00393nam a2200157Ia 45000010006000000050017000060080041000230410008000640820036000721100059001082450015001672600009001823000028001916500008002196540008002271187220260306162900.0260306t2023||||xx |||||||||||||| ||spa|| aESP aHR 200bABR-JUN 2024 SALESIANUM aPontificiae Studiorum Universitatis Salesianae - Romae 0aSalesianum c2023 a393 páginas :c24 cm. aGEN aCHU